| 000 | 00679nam a22002057a 4500 | ||
|---|---|---|---|
| 999 |
_c13181 _d13181 |
||
| 003 | AR-CdUCM | ||
| 008 | 190411b ||||| |||| 00| 0 spa d | ||
| 040 |
_aMUNICIPALIDAD PROVINCIAL DEL CUSCO _cBIBLIOTECA MUNICIPAL DEL CUSCO |
||
| 082 |
_a345.7 / _bAC188 / 1943 |
||
| 245 | _aActas de la comisión reformadora del código de procedimientos civiles / | ||
| 260 |
_c1943. _bGil, |
||
| 300 |
_a226 páginas ; _c20 cm |
||
| 500 | _a2º fasciculo 3º fasciculo | ||
| 505 | _aContenido: Actas de sesiones realizadas en 1943. | ||
| 650 |
_aActas _94625 |
||
| 650 |
_aProcedimientos civiles _931414 |
||
| 650 |
_aDerecho _9739 |
||
| 942 |
_2ddc _cLIBROS |
||
| 945 |
_adavv _d11/04/2019 |
||